| 000 | 00353nam a22001457a 4500 | ||
|---|---|---|---|
| 020 | _qPB. | ||
| 040 | _cFIZZA ISHAQ | ||
| 082 |
_a624.171 _bSUJ |
||
| 100 |
_aKUMAR,SUJIT. _991617 |
||
| 245 |
_aFUNDAMENTALS OF STRUCTURAL ANALYSIS / _cSUJIT KUMAR. |
||
| 250 | _a2nd ED. | ||
| 260 |
_aS.CHAND COMPANY ; _c2016. |
||
| 300 | _a1014 P. ; | ||
| 942 |
_2ddc _cBK |
||
| 999 |
_c589749 _d589749 |
||